| Tag |
First Indicator |
Second Indicator |
Subfields |
| LEADER |
00000cam a2200000 a 4500 |
| 001 |
in00000086525 |
| 005 |
20151008064541.0 |
| 008 |
811109s1981 enk b 00110 eng |
| 010 |
|
|
|a 80041865
|
| 020 |
|
|
|a 0521239583
|
| 020 |
|
|
|a 0521283701 (pbk.)
|
| 035 |
|
|
|a (OCoLC)07917482
|
| 035 |
|
|
|9 AAK4385AM
|
| 040 |
|
|
|a DLC
|c IHT
|d TXA
|d UtOrBLW
|
| 049 |
|
|
|a TXAM
|c [1633065]
|
| 050 |
|
0 |
|a LF119
|b .R6 1981
|
| 100 |
1 |
|
|a Rothblatt, Sheldon.
|
| 245 |
1 |
4 |
|a The revolution of the dons :
|b Cambridge and society in Victorian England /
|c Sheldon Rothblatt.
|
| 264 |
|
1 |
|a Cambridge ;
|a New York :
|b Cambridge University Press,
|c 1981.
|
| 300 |
|
|
|a 319 pages ;
|c 22 cm.
|
| 336 |
|
|
|a text
|b txt
|2 rdacontent
|
| 337 |
|
|
|a unmediated
|b n
|2 rdamedia
|
| 338 |
|
|
|a volume
|b nc
|2 rdacarrier
|
| 500 |
|
|
|a Includes index.
|
| 504 |
|
|
|a Bibliography: pages 286-304.
|
| 610 |
2 |
0 |
|a University of Cambridge
|x History.
|
| 650 |
|
0 |
|a Education
|z Great Britain
|x History.
|
| 999 |
|
|
|a MARS
|
| 999 |
f |
f |
|s 861f67ba-d732-3eb8-b28a-b589b93c38a9
|i 43cf6244-c3f0-3904-8c77-d4221239297a
|t 0
|
| 952 |
f |
f |
|p normal
|a Texas A&M University
|b College Station
|c Sterling C. Evans Library
|d Evans: Library Stacks
|t 0
|e LF119 .R6 1981
|h Library of Congress classification
|i unmediated -- volume
|m A14806164875
|
| 998 |
f |
f |
|a LF119 .R6 1981
|t 0
|l Evans: Library Stacks
|